Southville International School and Colleges
Your cart is empty.
  • Cart
  • Lists
    Public lists Eva Luna New books Lux_list list_1
    Your lists Log in to create your own lists
  • Log in to your account
  • Your cookies
  • Search history
Southville International School and Colleges
  • Advanced search
  • Recent comments
  • Most popular
  • Libraries

Log in to your account

Log in with GOOGLE


If you do not have an external account, but do have a local account, you can still log in:

  1. Home
  2. MARC view: Kevin's Christmas vacation scrap book :
Normal view MARC view ISBD view

Kevin's Christmas vacation scrap book : (Record no. 102719)

[ view plain ]
MARC details
000 -LEADER
fixed length control field 00620nam a2200169 a 4500
005 - DATE AND TIME OF LATEST TRANSACTION
control field 20140412111241.0
008 - FIXED-LENGTH DATA ELEMENTS--GENERAL INFORMATION
fixed length control field 020311s19uu xx 00 eng d
020 ## - INTERNATIONAL STANDARD BOOK NUMBER
International Standard Book Number 0-590-46187-7
050 ## - LIBRARY OF CONGRESS CALL NUMBER
Classification number ER
Item number Ke19 1992
100 ## - MAIN ENTRY--PERSONAL NAME
Personal name Krulik, Nancy E.
245 ## - TITLE STATEMENT
Title Kevin's Christmas vacation scrap book :
Remainder of title Home alone 2 (lost in New York) /
Statement of responsibility, etc adapted by Nancy E. Krulik; based on the screenplay by John Hughes.
260 ## - PUBLICATION, DISTRIBUTION, ETC. (IMPRINT)
Place of publication, distribution, etc New York :
Name of publisher, distributor, etc Scholastic Inc,
Date of publication, distribution, etc 1992.
300 ## - PHYSICAL DESCRIPTION
Extent 32 p. ; ill.
500 ## - GENERAL NOTE
General note Based on the sequel to the block buster comedy from Twentieth Century Fox!
650 ## - SUBJECT ADDED ENTRY--TOPICAL TERM
Topical term or geographic name as entry element Christmas
General subdivision Fiction
Holdings
Withdrawn status Lost status Damaged status Use restrictions Home library Current library Shelving location Date acquired Source of acquisition Total Checkouts Full call number Barcode Date last seen Price effective from Koha item type
        Elizalde Library Elizalde Library Easy Reading Section 03/11/2002     ER Ke19 1992 E2585 04/12/2014 04/12/2014 Books

Kevin's Christmas vacation scrap book :

APA

Krulik N. E., . (1992). Kevin's Christmas vacation scrap book. New York: Scholastic Inc.

Chicago

Krulik Nancy E, . 1992. Kevin's Christmas vacation scrap book. New York: Scholastic Inc.

Harvard

Krulik N. E., . (1992). Kevin's Christmas vacation scrap book. New York: Scholastic Inc.

MLA

Krulik Nancy E, . Kevin's Christmas vacation scrap book. New York: Scholastic Inc. 1992.

  • Place hold
  • Print
  • Cite
  • Add to your cart (remove)
  • Save record
    BIBTEX Dublin Core MARCXML MARC (non-Unicode/MARC-8) MARC (Unicode/UTF-8) MARC (Unicode/UTF-8, Standard) MODS (XML) RIS
  • More searches
    Search for this title in:
    Other Libraries (WorldCat) Other Databases (Google Scholar) Online Stores (Bookfinder.com) Open Library (openlibrary.org)

Exporting to Dublin Core...

SOUTHVILLE LIBRARY

Southville International School and Colleges Library

1281 Tropical Ave. Cor. Luxembourg St., BF Homes International, Las Pinas City

Tel. No. 8256374 / 252358 Loc. 117/146

Powered by Koha